[Event "Krakow op-B"]
[Site "Krakow"]
[Date "2005.12.27"]
[Round "1"]
[White "Rydzik, Karol"]
[Black "Wojcicki, Lukasz"]
[Result "1-0"]
[WhiteElo "2099"]
[BlackElo "1832"]
[PlyCount "113"]
[EventDate "2005.12.27"]
[EventType "swiss"]
[EventRounds "9"]
[EventCountry "POL"]
[SourceTitle "CBM 110 Extra"]
[Source "ChessBase"]
[SourceDate "2006.03.10"]
[SourceVersion "2"]
[SourceVersionDate "2006.03.10"]
[SourceQuality "1"]

1. e4 c5 2. Nf3 d6 3. d4 cxd4 4. Nxd4 Nf6 5. Nc3 a6 6. g3 g6 7. Bg2 Bg7 8. 0-0 0-0 9. h3 e5 10. Nde2 Be6 11. Be3 b5 12. Qd2 Qd7 13. Kh2 Nc6 14. Bh6 Bc4 15. Bxg7 Kxg7 16. Rad1 Nd4 17. Nxd4 exd4 18. Ne2 Rac8 19. Rfe1 d3 20. cxd3 Bxa2 21. Ra1 Bb3 22. Nd4 Be6 23. Rxa6 Ra8 24. Rea1 Rxa6 25. Rxa6 d5 26. e5 Ng8 27. Qa5 Rb8 28. Nxe6+ fxe6 29. Rxe6 Rf8 30. Rd6 Qf5 31. Qa7+ Rf7 32. Qd4 Qxf2 33. Rxd5 Qxd4 34. Rxd4 Rf2 35. b4 Rb2 36. g4 Kf7 37. Kg3 Ne7 38. Rf4+ Ke6 39. d4 g5 40. Rf6+ Kd7 41. Rf7 Rb3+ 42. Kf2 Rxb4 43. d5 Rf4+ 44. Rxf4 gxf4 45. Be4 Ng6 46. e6+ Kd6 47. Kf3 b4 48. h4 b3 49. h5 Ne7 50. Kxf4 Nxd5+ 51. Bxd5 Kxd5 52. e7 b2 53. e8Q b1Q 54. Qd7+ Kc5 55. Qf5+ Qxf5+ 56. Kxf5 Kd6 57. Kf6 1-0

[Event "Kochan Memorial op-B 16th"]
[Site "Koszalin"]
[Date "2005.08.??"]
[Round "7"]
[White "Rydzik, Karol"]
[Black "Paterek, Joanna"]
[Result "1/2-1/2"]
[WhiteElo "2092"]
[BlackElo "1817"]
[PlyCount "188"]
[EventDate "2005.08.??"]
[EventType "swiss"]
[EventRounds "10"]
[EventCountry "POL"]
[SourceTitle "EXT 2006"]
[Source "ChessBase"]
[SourceDate "2005.11.24"]
[SourceVersion "1"]
[SourceVersionDate "2005.11.24"]
[SourceQuality "1"]

1. e4 c6 2. d4 d5 3. Nc3 dxe4 4. Nxe4 Nd7 5. Nf3 Ndf6 6. Nxf6+ Nxf6 7. Ne5 Be6 8. c3 g6 9. Bd3 Bg7 10. 0-0 0-0 11. f4 Bf5 12. Bxf5 gxf5 13. Qd3 e6 14. b3 Qa5 15. g4 Nxg4 16. Nxg4 fxg4 17. f5 Qd8 18. Ba3 Re8 19. Rf4 Qh4 20. f6 Bxf6 21. Raf1 Be7 22. Bxe7 Rxe7 23. Rf6 Kg7 24. Qe3 Qxf6 25. Rxf6 Kxf6 26. Qh6+ Kf5 27. Qh5+ Ke4 28. Qe5+ Kd3 29. Kf2 g3+ 30. hxg3 Rg8 31. Ke1 Kc2 32. Qe2+ Kb1 33. Kd2 Kxa2 34. Kc1+ Kxb3 35. Qb2+ Kc4 36. Kc2 Kd5 37. Qb4 Rd7 38. Qc5+ Ke4 39. Qe5+ Kf3 40. Qf4+ Kg2 41. g4 f5 42. gxf5 exf5 43. Qxf5 Rdg7 44. Kb3 Rg6 45. Qe4+ Kh2 46. Qh4+ Kg2 47. Qxh7 R8g7 48. Qh4 Rg3 49. Qe4+ Kf2 50. Kb4 R7g5 51. Qc2+ Ke3 52. Qh7 Kd2 53. Qh2+ Rg2 54. Qf4+ Kd3 55. Qf3+ Kc2 56. c4 a5+ 57. Ka4 Rg1 58. Qb3+ Kd2 59. Qb2+ Kd3 60. c5 R5g4 61. Kxa5 Rxd4 62. Qb3+ Ke4 63. Qe6+ Kf3 64. Qf6+ Rf4 65. Qc3+ Kg2 66. Qc2+ Kh3 67. Kb6 Rb4+ 68. Kc7 Rg7+ 69. Kb8 Rgg4 70. Qc3+ Kg2 71. Qc2+ Kf3 72. Qc3+ Ke2 73. Qc2+ Kf3 74. Qc3+ Kg2 75. Qd2+ Kh3 76. Qc3+ Kh4 77. Qf6+ Kh5 78. Qf5+ Kh6 79. Qf6+ Kh7 80. Qf7+ Kh8 81. Qf6+ Rg7 82. Qh6+ Kg8 83. Qe6+ Rf7 84. Qg6+ Kf8 85. Qh6+ Kg8 86. Qg6+ Kf8 87. Qh6+ Rg7 88. Qf6+ Kg8 89. Qe6+ Kh7 90. Qf5+ Rg6 91. Qh3+ Kg8 92. Qc8+ Kf7 93. Qd7+ Kf6 94. Qd6+ Kf7 1/2-1/2

[Event "Krakow op-B"]
[Site "Krakow"]
[Date "2003.12.30"]
[Round "5"]
[White "Rydzik, Karol"]
[Black "Nadera, Jaroslaw"]
[Result "1/2-1/2"]
[WhiteElo "2071"]
[BlackElo "1919"]
[PlyCount "62"]
[EventDate "2003.12.27"]
[EventType "swiss"]
[EventRounds "9"]
[EventCountry "POL"]
[SourceTitle "EXT 2006"]
[Source "ChessBase"]
[SourceDate "2005.11.24"]
[SourceVersion "1"]
[SourceVersionDate "2005.11.24"]
[SourceQuality "1"]

1. e4 e6 2. d4 d5 3. Nc3 Nf6 4. Bg5 Be7 5. e5 Nfd7 6. Bxe7 Qxe7 7. f4 b6 8. Nf3 Ba6 9. Bxa6 Nxa6 10. 0-0 c6 11. Qd3 Nc7 12. f5 exf5 13. Qxf5 Ne6 14. a3 a5 15. Kh1 b5 16. Ne2 g6 17. Qd3 0-0 18. Rae1 a4 19. Qe3 Kg7 20. Nc1 b4 21. axb4 Qxb4 22. Nd3 Qc4 23. c3 a3 24. Nd2 Qb5 25. bxa3 Rxa3 26. Rb1 Qa5 27. Nb4 c5 28. dxc5 Qxc5 29. Qxc5 Nexc5 30. Nxd5 Nxe5 31. Rb5 Ned3 1/2-1/2

[Event "POL-chT 58th"]
[Site "Lubniewice"]
[Date "2002.09.08"]
[Round "9"]
[White "Rydzik, Karol"]
[Black "Weglarz, Leszek"]
[Result "0-1"]
[WhiteElo "2114"]
[BlackElo "2354"]
[PlyCount "72"]
[EventDate "2002.08.31"]
[EventType "team-tourn"]
[EventRounds "9"]
[EventCountry "POL"]
[SourceTitle "EXT 2019"]
[Source "ChessBase"]
[SourceDate "2018.10.10"]
[SourceVersion "1"]
[SourceVersionDate "2018.10.10"]
[SourceQuality "1"]
[WhiteTeam "Glogow MOK Chrobry"]
[BlackTeam "Poznan Pocztowiec"]
[WhiteTeamCountry "POL"]
[BlackTeamCountry "POL"]

1. e4 e5 2. Nf3 Nf6 3. d4 Nxe4 4. Bd3 Nc6 5. d5 Nc5 6. Be2 e4 7. dxc6 exf3 8. cxd7+ Bxd7 9. Bxf3 Qe7+ 10. Qe2 0-0-0 11. Be3 Na4 12. 0-0 g5 13. Nc3 Nxc3 14. bxc3 c6 15. Rab1 Qe5 16. Rxb7 Bd6 17. g3 Kxb7 18. Rb1+ Kc7 19. Qa6 Rb8 20. Qxa7+ Kd8 21. Rd1 Ke7 22. Bxc6 Rhd8 23. h4 Ke8 24. Bg2 Be7 25. hxg5 Be6 26. Qa4+ Kf8 27. Rd4 Rxd4 28. cxd4 Qb5 29. Qa7 Rd8 30. g6 hxg6 31. Bh6+ Ke8 32. a4 Qb1+ 33. Kh2 Qxc2 34. Qb7 Qxf2 35. Qb5+ Bd7 36. Qe5 Bc6 0-1

[Event "POL-chT 58th"]
[Site "Lubniewice"]
[Date "2002.09.05"]
[Round "6"]
[White "Dobrowolski, Piotr"]
[Black "Rydzik, Karol"]
[Result "1-0"]
[WhiteElo "2384"]
[BlackElo "2114"]
[PlyCount "106"]
[EventDate "2002.08.31"]
[EventType "team-tourn"]
[EventRounds "9"]
[EventCountry "POL"]
[SourceTitle "EXT 2019"]
[Source "ChessBase"]
[SourceDate "2018.10.10"]
[SourceVersion "1"]
[SourceVersionDate "2018.10.10"]
[SourceQuality "1"]
[WhiteTeam "Rzeszow Zelmer"]
[BlackTeam "Glogow MOK Chrobry"]
[WhiteTeamCountry "POL"]
[BlackTeamCountry "POL"]

1. e4 c5 2. Nf3 Nc6 3. Bb5 g6 4. 0-0 Bg7 5. Bxc6 dxc6 6. h3 e5 7. d3 Qe7 8. Be3 Nf6 9. Nbd2 0-0 10. a3 Nh5 11. Re1 Nf4 12. Qb1 a5 13. Nc4 b5 14. Nb6 Rb8 15. Nxc8 Rfxc8 16. a4 Ra8 17. Bd2 Qc7 18. Qa2 Ra6 19. Bxf4 exf4 20. e5 Re8 21. Re4 Raa8 22. Rae1 Re7 23. Qa3 b4 24. Qb3 Rd8 25. Rxf4 Rd5 26. Rfe4 Bxe5 27. Qc4 Bf6 28. b3 Kg7 29. g3 h5 30. h4 Red7 31. Kg2 Re7 32. R1e2 Red7 33. Re8 Rd8 34. Qa6 Rf5 35. Qc4 Qd7 36. Rxd8 Qxd8 37. Qe4 Qd7 38. Qc4 Bd4 39. Re4 Bf6 40. Qa6 Bd4 41. Qxa5 Qd5 42. Nxd4 cxd4 43. Qxb4 c5 44. Qb8 g5 45. hxg5 Rxg5 46. Qf4 Kg6 47. Qf3 Qd6 48. Re8 Kg7 49. Qa8 Kf6 50. Qd8+ Qxd8 51. Rxd8 h4 52. a5 hxg3 53. fxg3 Ke7 1-0

[Event "POL-chT 58th"]
[Site "Lubniewice"]
[Date "2002.09.04"]
[Round "5"]
[White "Rydzik, Karol"]
[Black "Grabarczyk, Bogdan"]
[Result "0-1"]
[WhiteElo "2114"]
[BlackElo "2436"]
[PlyCount "75"]
[EventDate "2002.08.31"]
[EventType "team-tourn"]
[EventRounds "9"]
[EventCountry "POL"]
[SourceTitle "EXT 2019"]
[Source "ChessBase"]
[SourceDate "2018.10.10"]
[SourceVersion "1"]
[SourceVersionDate "2018.10.10"]
[SourceQuality "1"]
[WhiteTeam "Glogow MOK Chrobry"]
[BlackTeam "Plock PTSz"]
[WhiteTeamCountry "POL"]
[BlackTeamCountry "POL"]

1. e4 c5 2. Nf3 d6 3. d4 cxd4 4. Nxd4 Nf6 5. Nc3 g6 6. Be3 Bg7 7. f3 Nc6 8. Qd2 0-0 9. 0-0-0 Be6 10. Nxe6 fxe6 11. Bh6 Bxh6 12. Qxh6 Ne5 13. Qh3 Qc8 14. Nb5 Nf7 15. Nd4 Nd8 16. Rd3 e5 17. Qxc8 Rxc8 18. Nb5 a6 19. Nc3 Ne6 20. Nd5 Nxd5 21. Rxd5 Rc6 22. Rd2 Kg7 23. Bd3 h5 24. c3 h4 25. Rf1 Rfc8 26. Bc2 Ng5 27. h3 Ne6 28. Bb3 Nf4 29. Bd5 R6c7 30. Kc2 Kf6 31. Rfd1 Rh8 32. Rf2 b6 33. a3 a5 34. Rfd2 Rhc8 35. a4 Kg5 36. Ra1 Kf6 37. Ra3 Rb8 38. Rb3 0-1

[Event "POL-chT 56th"]
[Site "Zakopane"]
[Date "2000.09.09"]
[Round "7"]
[White "Grabarczyk, Bogdan"]
[Black "Rydzik, Karol"]
[Result "1-0"]
[WhiteElo "2432"]
[BlackElo "2077"]
[PlyCount "58"]
[EventDate "2000.09.02"]
[EventType "team-tourn"]
[EventRounds "11"]
[EventCountry "POL"]
[SourceTitle "EXT 2019"]
[Source "ChessBase"]
[SourceDate "2018.10.10"]
[SourceVersion "1"]
[SourceVersionDate "2018.10.10"]
[SourceQuality "1"]
[WhiteTeam "Plock PTSz"]
[BlackTeam "Glogow MOK Chrobry"]
[WhiteTeamCountry "POL"]
[BlackTeamCountry "POL"]

1. e4 c5 2. Nf3 Nc6 3. d4 cxd4 4. Nxd4 Nf6 5. Nc3 e5 6. Ndb5 d6 7. Bg5 a6 8. Na3 b5 9. Bxf6 gxf6 10. Nd5 f5 11. c3 Bg7 12. exf5 Bxf5 13. Nc2 0-0 14. Nce3 Be6 15. Bd3 f5 16. 0-0 e4 17. Nf4 Bf7 18. Bc2 Be5 19. Nfd5 Be6 20. f4 exf3 21. Qxf3 f4 22. Qe4 Ra7 23. Nxf4 Bxf4 24. Qxe6+ Kh8 25. Nd5 Be5 26. Qh6 Raf7 27. Bg6 Rg7 28. Bxh7 Bxh2+ 29. Kh1 Be5 1-0

[Event "POL-chT 56th"]
[Site "Zakopane"]
[Date "2000.09.02"]
[Round "1"]
[White "Rydzik, Karol"]
[Black "Szelag, Marcin"]
[Result "0-1"]
[WhiteElo "2077"]
[BlackElo "2436"]
[PlyCount "72"]
[EventDate "2000.09.02"]
[EventType "team-tourn"]
[EventRounds "11"]
[EventCountry "POL"]
[SourceTitle "EXT 2019"]
[Source "ChessBase"]
[SourceDate "2018.10.10"]
[SourceVersion "1"]
[SourceVersionDate "2018.10.10"]
[SourceQuality "1"]
[WhiteTeam "Glogow MOK Chrobry"]
[BlackTeam "Poznan Pocztowiec"]
[WhiteTeamCountry "POL"]
[BlackTeamCountry "POL"]

1. e4 c5 2. Nf3 d6 3. d4 cxd4 4. Nxd4 Nf6 5. Nc3 a6 6. Bg5 e6 7. Qd2 h6 8. Bxf6 Qxf6 9. f4 Nc6 10. Nf3 Qd8 11. Qe3 b5 12. a3 Be7 13. Be2 Qc7 14. 0-0 0-0 15. Kh1 Bb7 16. Rad1 Rac8 17. f5 Bf6 18. Qf4 Ne5 19. fxe6 fxe6 20. Nd4 Qe7 21. Qe3 Nc4 22. Bxc4 Rxc4 23. Nce2 Rc5 24. c3 Kh7 25. Nf3 Be5 26. Nc1 Rc4 27. Nd2 Qh4 28. g3 Rxf1+ 29. Rxf1 Qh3 30. Re1 Rc7 31. Nd3 Rf7 32. Kg1 Bf6 33. Nf4 Qg4 34. h3 Qg5 35. Nxe6 Qe5 36. Nd4 Bg5 0-1

[Event "Bydgoszcz op-B"]
[Site "Bydgoszcz"]
[Date "1999.??.??"]
[Round "6"]
[White "Barsegian, Ararat"]
[Black "Rydzik, Karol"]
[Result "1-0"]
[WhiteElo "2198"]
[BlackElo "2100"]
[PlyCount "53"]
[EventDate "1999.??.??"]
[EventType "swiss"]
[EventRounds "9"]
[EventCountry "POL"]
[SourceTitle "EXT 2001"]
[Source "ChessBase"]
[SourceDate "2000.11.22"]
[SourceVersion "1"]
[SourceVersionDate "2000.11.22"]
[SourceQuality "1"]

1. e4 c5 2. Nf3 Nc6 3. d4 cxd4 4. Nxd4 Nf6 5. Nc3 e5 6. Ndb5 d6 7. Bg5 a6 8. Bxf6 gxf6 9. Na3 b5 10. Nd5 Bg7 11. c3 f5 12. exf5 Bxf5 13. Nc2 Ne7 14. Nce3 Be6 15. g3 Nxd5 16. Nxd5 0-0 17. Bg2 f5 18. 0-0 e4 19. f3 exf3 20. Qxf3 Ra7 21. Nf4 Bc4 22. Rfd1 Qb6+ 23. Kh1 Kh8 24. Qh5 Bf7 25. Qxf5 Bxa2 26. Qh3 Bf7 27. Be4 1-0

[Event "Krakow op-A"]
[Site "Krakow"]
[Date "1999.??.??"]
[Round "?"]
[White "Rydzik, Karol"]
[Black "Fiodorov, Mikhail"]
[Result "0-1"]
[WhiteElo "2100"]
[BlackElo "2252"]
[PlyCount "82"]
[EventDate "1999.??.??"]
[EventType "swiss"]
[EventRounds "11"]
[EventCountry "POL"]
[SourceTitle "EXT 2002"]
[Source "ChessBase"]
[SourceDate "2001.11.25"]
[SourceVersion "1"]
[SourceVersionDate "2001.11.25"]
[SourceQuality "1"]

1. e4 c5 2. Nf3 Nf6 3. Nc3 d5 4. exd5 Nxd5 5. Bb5+ Bd7 6. Bxd7+ Qxd7 7. 0-0 Nxc3 8. dxc3 Qxd1 9. Rxd1 Nc6 10. Bf4 e6 11. Rd2 Be7 12. Rad1 Rd8 13. Rxd8+ Bxd8 14. Ne5 Nxe5 15. Bxe5 f6 16. Bb8 Bb6 17. c4 Ke7 18. Bd6+ Kf7 19. Bf4 Rd8 20. Rxd8 Bxd8 21. Be3 b6 22. Kf1 g5 23. Ke2 g4 24. Kd3 Bc7 25. g3 h5 26. c3 a5 27. b4 Bd6 28. bxa5 bxa5 29. Kc2 f5 30. Kb3 e5 31. Ka4 f4 32. Bd2 h4 33. Kxa5 fxg3 34. fxg3 e4 35. gxh4 Bxh2 36. Be3 g3 37. Kb6 g2 38. a4 Bf4 39. Bg1 e3 40. a5 e2 41. Bf2 Bg3 0-1